Differential equations and dynamical systems.
Salvato in:
| Autore principale: | |
|---|---|
| Natura: | Sconosciuto |
| Pubblicazione: |
New York, USA:
Springer,
2001.
|
| Edizione: | Third edition. |
| Serie: | Texts in Applied Mathematics;
|
| Soggetti: | |
| Tags: |
Aggiungi Tag
Nessun Tag, puoi essere il primo ad aggiungerne!!
|
MARC
| LEADER | 00000 a2200000 4500 | ||
|---|---|---|---|
| 003 | CL-VaPUC | ||
| 005 | 20230921075230.0 | ||
| 008 | 230905t2001 ||||| |||| 00| 0 eng d | ||
| 999 | |c 441728 |d 441726 | ||
| 020 | |a 9780387951164 | ||
| 040 | |c Pontificia Universidad Católica de Valparaíso | ||
| 082 | 7 | |a 515.353 PER 2001 |2 22 | |
| 100 | |a Perko, Lawrence |9 884432 |e author | ||
| 245 | |a Differential equations and dynamical systems. | ||
| 250 | |a Third edition. | ||
| 260 | |a New York, USA: |b Springer, |c 2001. | ||
| 300 | |a xiv, 555 páginas. | ||
| 490 | |a Texts in Applied Mathematics; |n 7. | ||
| 583 | |k GC |c 20230905 | ||
| 650 | 0 | |a Ecuaciones diferenciales no lineales |9 270831 | |
| 650 | 0 | |a Sistemas dinámicos diferenciales |9 263372 | |
| 942 | |2 ddc |c BK | ||
| 952 | |0 0 |1 0 |2 ddc |4 0 |6 515_353000000000000_PER_2001 |7 0 |8 A |9 591443 |a BIBMAT |b BIBMAT |c GEN |d 2023-09-05 |e 1 |g 96622.00 |i 5658568 |l 19 |m 6 |o 515.353 PER 2001 |p 5658568 |r 2025-05-07 |s 2025-03-28 |t 1 |v 96622.00 |w 2023-09-05 |y BK |k MAT | ||